Top 10 najpopularniejszych sportów na świecie - Statystyki

Ogólne statystyki
  • Ten quiz został rozwiązany 348 razy
  • Średni wynik to 7 z 10
Statystyki odpowiedzi
Liczba fanów Sport % Poprawnych
3,5 mld Piłka nożna
100%
800 mln Koszykówka
96%
900 mln Siatkówka
95%
1 mld Tenis
75%
2 mld Hokej
67%
475 mln Rugby
62%
500 mln Baseball
60%
2,5 mld Krykiet
59%
450 mln Golf
43%
850 mln Tenis stołowy
30%
Nie znaleziono quizów pasujących do podanych kryteriów
Rozkład punktacji
Procent ludzi z każdym wynikiem
Percentyl według liczby udzielonych odpowiedzi
Twoja historia wyników
Nie rozwiązałeś tego quizu